Espaces 3. Méthode de francais /

Gespeichert in:
Bibliographische Detailangaben
Hauptverfasser: Capelle, Guy (Verfasst von), Gidon, Noelle (Verfasst von), Moliné, Muriel (Verfasst von)
Format: Buch
Sprache:Französisch
Veröffentlicht: Vanves : Hachette, 1991
Tags: Tag hinzufügen
Keine Tags, Fügen Sie das erste Tag hinzu!

MARC

LEADER 00000nam a22000003a 4500
001 stu32072
005 20150617225733.0
008 950316s1991----fr------------------fre-d
020 |a 2-01-016284-6 
040 |a STU  |b slo 
041 0 |a fre 
044 |a fr 
080 |a 804.0 
100 1 |a Capelle, Guy  |4 aut 
245 1 |a Espaces 3. Méthode de francais /  |c [aut.] Capelle,Guy; Gidon,Noelle; Moliné,Muriel 
260 |a Vanves :  |b Hachette,  |c 1991 
300 |a 223 s 
700 1 |a Gidon, Noelle  |4 aut 
700 1 |a Moliné, Muriel  |4 aut 
996 |b J88359  |c J*88359  |l JJSK  |s A  |a 24  |w stu32072_0001